000 00645nam a2200205Ia 4500
003 GCL
008 140319s9999 xx 000 0 ara d
040 _aGCL /
_cGCL
082 0 4 _a217.1
_bا ا
100 1 _aاحمد ماهر محمود البقرى
245 1 0 _aابن القيم من اثاره العلمية /
_cاحمد ماهر محمود البقرى
260 _a[S.N] :
_bمؤسسة شباب الجامعة ،
_c1987
300 _a410
490 _a
650 0 4 _aالتراث
650 0 4 _aالتاريخ الاسلامى
650 0 4 _aالفقه الاسلامى
650 0 4 _aالفقه الحنبلى
942 _2ddc
_cBK
999 _c31930
_d31930